Managing human resources
Salvato in:
| Ente Autore: | |
|---|---|
| Natura: | Libro |
| Lingua: | Undetermined |
| Pubblicazione: |
London
William Heinemann, Ltd.
1976
|
| Soggetti: | |
| Tags: |
Aggiungi Tag
Nessun Tag, puoi essere il primo ad aggiungerne! !
|
| Thư viện lưu trữ: | Trung tâm Học liệu Trường Đại học Cần Thơ |
|---|
| LEADER | 00461nam a2200169Ia 4500 | ||
|---|---|---|---|
| 001 | CTU_78047 | ||
| 008 | 210402s9999 xx 000 0 und d | ||
| 082 | |a 658.3 | ||
| 082 | |b I.35 | ||
| 110 | |a Inbucon Consultants | ||
| 245 | 0 | |a Managing human resources | |
| 245 | 0 | |c Inbucon Consultants | |
| 260 | |a London | ||
| 260 | |b William Heinemann, Ltd. | ||
| 260 | |c 1976 | ||
| 650 | |a Personnel management | ||
| 980 | |a Trung tâm Học liệu Trường Đại học Cần Thơ | ||